000 00232nam a22000857a 4500
008 160629b xxu||||| |||| 00| 0 eng d
100 _91349
_a Misra, K
245 _aDestination IAS Academy History
260 _aNew Delhi
_bKumar Publication
999 _c1109
_d1109